000 00459nam a22001577a 4500
999 _c5573
_d5571
005 20211127112830.0
008 170916b xxu||||| |||| 00| 0 eng d
020 _a978-93-834-1969-4
041 _aeng
082 _a515.63
100 _aDURAIPANDIAN, P. AND PACHAIYAPPA, KAYALAL
_93929
245 _aVECTOR ANALYSIS for undergraduate students of mathematicss, physics and engineering)
260 _aNEW DELHI
_bS.CHAND
_c2014
300 _a184p.
942 _cBK